Piłkarskie rodziny - bracia. - Statystyki

Ogólne statystyki
  • Ten quiz został rozwiązany 69 razy
  • Średni wynik to 13 z 24
Statystyki odpowiedzi
Kraj Imię Imię Odpowiedź % Poprawnych
Belgia Eden Thorgan Hazard
93%
Niemcy/Ghana Jerome Kevin-Prince Boateng
92%
Wybrzeże KościSłoniowej Kolo Yaya Toure
89%
Polska Marcin Michał Żewłakow
80%
Holandia Erwin Ronald Koeman
79%
Polska Paweł Piotr Brożek
77%
Włochy Filippo Simone Inzaghi
77%
Albania/Szwajcaria Taulant Granit Xhaka
75%
Anglia Gary Phil Neville
74%
Serbia Sergej Vanja Milinkovic-Savic
69%
Dania Brian Michael Laudrup
64%
Chorwacja Niko Robert Kovac
59%
Niemcy Lars Sven Bender
57%
Ghana Andre Jordan Ayew
56%
Holandia Frank Ronald de Boer
52%
Turcja Halil Hamit Altintop
51%
Argentyna Diego Gabriel Milito
46%
Białoruś Aleksander Wiaczesław Hleb
28%
Gruzja Arczil Szota Arweładze
26%
Belgia Emile Mbo Mpenza
21%
Rosja Aleksiej Wasilij Bieriezucki
16%
Niemcy Karlheinz Michael Rummenigge
15%
Polska Marek Piotr Świerczewski
13%
Niemcy Fritz Ottmar Walter
3%
Nie znaleziono quizów pasujących do podanych kryteriów
Rozkład punktacji
Procent ludzi z każdym wynikiem
Percentyl według liczby udzielonych odpowiedzi
Twoja historia wyników
Nie rozwiązałeś tego quizu